[Event "FRA-ch"]
[Site "Meribel"]
[Date "1998.08.16"]
[Round "3"]
[White "Dorfman, Josif D"]
[Black "Hauchard, Arnaud"]
[Result "1-0"]
[WhiteElo "2585"]
[BlackElo "2500"]
[Annotator "Avrukh,B"]
[PlyCount "81"]
[EventDate "1998.08.14"]
[EventType "tourn"]
[EventRounds "15"]
[EventCountry "FRA"]
[EventCategory "10"]
[SourceTitle "CBM 067"]
[Source "ChessBase"]
[SourceDate "1998.11.30"]
[SourceVersion "2"]
[SourceVersionDate "1998.11.01"]
[SourceQuality "1"]

1. d4 Nf6 2. Nf3 e6 3. c4 b6 4. g3 Ba6 5. Nbd2 Bb7 6. Bg2 c5 7. e4 (7. d5 $5
exd5 8. Nh4 g6 $5 (8... Be7 9. cxd5 Bxd5 10. e4 Bc6 11. O-O O-O 12. Nf5 $44) 9.
cxd5 Bg7 10. Nc4 O-O 11. Nd6 (11. O-O d6 12. Bf4 Ba6 $1 13. Rc1 Bxc4 14. Rxc4
b5 $10) 11... Ba6 12. a4 Ne8 13. Ne4 d6 14. O-O Nd7 15. Rb1 Ndf6 $10 {Van Wely,
L-Psakhis,L/Leenwarden/1993/0:1/45/}) 7... cxd4 (7... Nxe4 8. Ne5 d5 9. cxd5
Nxd2 10. Qa4+ Nd7 11. Bxd2 Bxd5 12. Bxd5 exd5 13. O-O f6 14. Rfe1 (14. Nc6 Qc7
15. Rfe1+ Kf7 {[%csl Rc6]}) 14... fxe5 15. Rxe5+ Be7 16. Bg5 b5 17. Qxb5 Rb8
18. Qc6 Rb6 19. Qa4 Rb4 20. Qc6 Rb6 {0,5/Goldin,A 2535-Smirin,I 2490-Moskva 
(GMA) 1989}) 8. O-O {Salov: Khalifman: Ein seit längerem bekannte Verbesserung
gegenüber anderen Zügen.} (8. Nxd4 Bc5 $1 (8... Bb4 9. Qe2 O-O 10. O-O Nc6 11.
N2b3 Rc8 12. Rd1 a6 13. Bf4 Be7 14. Rd2 Bb4 15. Nxc6 Bxc6 16. Rd4 Ne8 17. Rad1
$16 {Agdestein,S-Wedberg,T/Haninge 45/(665) 1988}) 9. Nb5 (9. N2b3 Bxe4) (9.
N4b3 Be7 $10 (9... Be7 10. O-O Qc7 11. Re1 d6 12. Nd4 O-O 13. b3 a6 14. Bb2
Nbd7 $10 {Piket,J-Salov,V/Wijk/1992/ + Ftacnik,L-Chernin,A/Praha/1989/})) (9.
Nc2 {N} Qc7 10. O-O Be7 (10... O-O 11. b3 Be7 12. e5 $5) (10... Nc6 11. b3 h5
$5 12. Rb1 h4 13. b4 Be7 14. Bb2 hxg3 15. hxg3 a5 16. a3 axb4 17. axb4 $14 {
Browne,W-Ivanov,AV/USA-ch/1989/}) 11. e5 $6 (11. b3 d6 $10) 11... Bxg2 12. exf6
Bxf1 13. fxe7 Bd3 (13... Bxc4 14. Qg4 Bd5 15. Ne3 $5 Rg8 {/\ Nc6-e7}) 14. Qf3 (
14. Qg4 $2 Bg6) 14... Bxc2 15. Qxa8 Kxe7 16. b3 Rd8 $1 17. Ba3+ Ke8 18. Qf3 (
18. Ne4 d5 19. Nd6+ Rxd6 20. Bxd6 Qxd6 21. cxd5 exd5 22. Rc1 Bf5 $19) 18... Qe5
$1 19. Rc1 Bg6 $17 {Agdestein,S-Hjartarson,J/Beograd 48/692/1989/}) 9... a6 10.
Nc3 Qc7 11. O-O (11. Qe2 Be7 $1 12. O-O d6 13. a4 {/\ a5} Nc6 $1 14. b3 O-O 15.
Bb2 Nd7 16. Rac1 Nc5 17. Qe3 Rfe8 $1 18. Ba3 Bf6 $1 19. b4 $6 (19. Ne2 Rac8 $15
) 19... Bd4 20. Qe2 Bxc3 $1 21. Rxc3 (21. bxc5 $5 Bxd2 $1 22. cxb6 Bxc1 23.
bxc7 Bxa3 24. Rb1 Ra7 $1 25. e5 Ba8 $1 $17) 21... Nxa4 22. Rcc1 a5 $17 {
Welin,T-Chernin,A/Lugano 47/642/1989/}) 11... Be7 $10) 8... d6 (8... Nc6 9. e5
Ng4 10. h3 Nh6 11. Ne4 $16 {[%csl Rh6]}) 9. Nxd4 {Salov: Khalifman: Diese
Stellung hatte Karpov schon auf dem Brett. Fürchtete er nun eine Verbesserung
gegenüber der Spielweise von Ivantschuk?} Qc8 (9... Nbd7 10. Re1 (10. b3 Qc7
11. Bb2 Be7 12. f4 (12. Qe2 O-O 13. Rae1 {1/2-1/2 Shvidler,E-Csom,I/Tel Aviv
1989/EXT 89 (13)}) 12... O-O 13. f5 e5 14. Nb5 Qc5+ 15. Kh1 a6 16. Nc3 b5 17.
g4 h6 18. Qe2 bxc4 19. Nxc4 Nb6 20. Ne3 d5 21. Nexd5 Nbxd5 22. exd5 Nxd5 23.
Nxd5 {1/2-1/2 Shulman,Y-Budnikov,A/Vladivostok 1994/}) 10... Qc7 (10... Be7 11.
e5 Bxg2 12. exf6 Bxf6 13. Nxe6 fxe6 14. Kxg2 Nc5 15. Ne4 $14) (10... e5 11. Nb5
a6 12. Nc3 Be7 13. Nf1 Rc8 14. Ne3 O-O 15. a4 g6 16. b3 Nc5 17. Qc2 Re8 18. Ba3
Ne6 19. Qb1 Bf8 20. Rd1 {1/2-1/2 Cramling,P-Chiburdanidze,M/Groningen ctW 1997
(35)}) 11. a4 (11. Nb5 $1 Qb8 12. c5 $3 {[%cal Gd2c4]} dxc5 (12... Nxc5 13. Nc4
$16) 13. Nc4 e5 14. f4 $1 Bc6 15. Nc3 $1 b5 16. fxe5 $16 {Browne,W-Bradford,J/
Dallas 1996/Inf 70/[Yermolinsky,A] (16)}) 11... a6 12. a5 Be7 13. N2b3 Rc8 14.
axb6 Nxb6 15. Na5 Ba8 16. b3 $14 {1-0 Huzman,A-Har Zvi,R/ISR-chT 1996/EXP 52 
(36)}) (9... Qd7 10. Re1 (10. a4 $1 Nc6 (10... Be7 11. a5 O-O 12. Re1 Na6 13.
b3 bxa5 14. Rxa5 Nc5 15. Qc2 Bd8 16. Ra2 Bb6 $13 {1-0 Yermolinsky,A-Ivanov,A/
USA-ch G1 1997/ (30)}) 11. Nxc6 Bxc6 12. b4 $1 (12. Re1) 12... Be7 (12... a5 $5
13. b5 Bb7 14. Bb2 Rc8 (14... Be7 $6 15. e5 Bxg2 16. exf6 Bxf1 17. fxe7 Bh3 18.
Bxg7 Rg8 19. Ne4 $18) 15. e5 $16) 13. b5 Bb7 14. a5 $16 {1-0 Browne,W-Ivanov,A/
USA (ch) 1997/Inf 70/[Browne,W] (32)}) 10... Be7 11. Nb1 (11. b3 O-O 12. Bb2
Nc6 13. N2f3 (13. f4 $6 Nxd4 14. Bxd4 e5 $1 15. Bb2 exf4 16. gxf4 b5 $132)
13... a6 14. Nxc6 Qxc6 $1 15. Nd4 Qc7 $10) 11... Nc6 12. Nc3 Nxd4 13. Qxd4 O-O
14. b3 (14. h3 Rab8 15. Be3 a6 16. a4 Ba8 $132 {/\Qc7}) 14... Rfd8 15. Bb2 Rab8
16. h3 Ba8 $10 {0-1 Ivanchuk,V-Karpov,A/Linares 1994/ (30)}) (9... a6 $5 10.
Re1 Qc7 (10... Nbd7 11. e5 $1 Bxg2 12. exf6 Bb7 (12... Qxf6 13. Nxe6 fxe6 14.
Kxg2 Nc5 15. Ne4 Nxe4 16. Rxe4 Be7 17. Rf4 Qe5 18. Be3 Rf8 19. Bd4 Qa5 20.
Rxf8+ Bxf8 21. Qg4 {1-0 Browne,W-Burger,K/World op 1990/ (34)}) 13. fxg7 Bxg7
14. Ne4 Bxe4 15. Rxe4 O-O 16. Rg4 $14) 11. a4 $1 $14 {Khalifman: Wenn Weiß zu
a4-a5 kommt steht er gut.} (11. b3 Be7 12. Bb2 O-O 13. Rc1 Nbd7 14. Nf1 Rfe8
15. Rc2 Rac8 16. f3 Qb8 17. Bh3 Bf8 18. Ne3 Ba8 19. Bf1 Qb7 20. Rd2 {1/2-1/2
Nemet,I-Summermatter,D/Biel SWZ-ch (05)/1989}) 11... Nc6 (11... Nbd7 {Ftacnik}
12. a5 Be7 13. N2b3 Rd8 14. axb6 Nxb6 15. Na5 Ba8 {Then White started an
interesting attack:} 16. Nac6 Bxc6 17. Nxc6 Qxc6 18. e5 Qxc4 19. exf6 Bxf6 20.
Be3 Nc8 21. Rc1 Qb4 22. Bd2 Qd4 23. Bc6+ Ke7 24. Re4 {Avrukh,B} Qd3 {[%tqu
"En","","","","c1c3","",10,"e4b4","Boensch,U-Chuchelov,V/Berliner Sommer sp
1996/1-0(32)",0]} 25. Rc3 $1 (25. Rb4 {Boensch,U-Chuchelov,V/Berliner Sommer
sp 1996/1-0(32)}) 25... Bxc3 26. Bg5+ f6 27. Qxd3 $18) 12. Nxc6 {Khalifman:
Logisch} Bxc6 (12... Qxc6 13. b4 Be7 14. Bb2 $14) 13. a5 Rb8 $6 {Khalifman:
Vermutlich hat Karpov bei der ganzen Sache das starke Turmmanöver im 15.Zug
übersehen.} (13... bxa5 $142 14. Nb3 Rb8 (14... a4 15. Nd4 $16) 15. Nxa5 Ba8
$14) (13... Be7 $142 14. Nb3 (14. axb6 Qxb6 15. Re3 O-O) 14... Rb8 $13 (14...
O-O 15. axb6 Qxb6 16. Na5 {[%csl Rc6]})) 14. axb6 Qxb6 (14... Rxb6 15. b3 (15.
c5 dxc5 16. Nc4 Rb4 17. Bf4 Qd7 $13) 15... Be7 16. Bb2 $16) 15. Re3 $1 $16 {
1-0 Salov,V-Karpov,A/Wijk aan Zee 1998/CBM 63/[Salov] (32) Khalifman: Sehr
stark gespielt.}) (9... Be7 10. Qa4+ $5 Qd7 (10... Nbd7 11. Nc6 $16) 11. Qxd7+
Nbxd7 $2 (11... Kxd7 $142 $14) 12. Nb5 O-O 13. e5 Bxg2 14. exf6 Bxf1 15. fxe7
$16) (9... Qc7 10. b3 Be7 11. Bb2 O-O 12. f4 a6 13. g4 Nc6 14. Nc2 Nd7 15. g5
$40 {1-0 Ftacnik,L-Van den Doel,E/Sonnevanck 1995/ (40)}) 10. a4 Nc6 11. Nxc6
Bxc6 12. b4 Be7 13. Qe2 a5 (13... O-O 14. b5 Bb7 15. a5 {[%cal Ga5a6]} bxa5 16.
Nb3 a6 17. b6 $1 {with advantage.}) 14. c5 $5 bxc5 $2 (14... dxc5 15. b5 $1 (
15. Nc4 $140 $4 axb4 16. Nxb6 Qa6 $1 $19) (15. bxa5 Rxa5 16. Nc4 Ra6 17. Bf4
Qb7 $17) 15... Bb7 16. Nc4 Nd7 $8 (16... Qc7 $2 17. Bf4 $18) 17. Rd1 {[%cal
Gd1d7]} O-O 18. Rxd7 Qxd7 19. Nxb6 Qd4 20. Bb2 Qb4 21. Nxa8 Rxa8 $11 {[%cal
Rc5c4]}) 15. b5 Bb7 16. Nc4 {[%cal Gc4b6]} Qc7 17. Bd2 $1 {[%csl Ra5][%cal
Gd2a5,Gc4a5,Gb5b6]} O-O (17... d5 18. Bxa5 Qb8 19. exd5 Bxd5 (19... exd5 $2 20.
Rfe1 Ne4 21. Bc3 $1 O-O 22. Bxe4 dxe4 23. Nb6 Ra7 24. Nd7 $18) 20. Bc3 $16) 18.
Bxa5 Qb8 19. Bc3 $16 d5 (19... Re8 20. a5 d5 21. exd5 Bxd5 $16) (19... Nxe4 $5
20. Bxe4 d5 21. Qg4 (21. Be5 Qa7 22. Qg4 g6 23. Bxg6 hxg6 24. Qh3 f6 25. Qxe6+
Rf7 26. Nd6 Bxd6 27. Bxd6 $16) 21... g6 22. Bg2 (22. Bxg6) 22... dxc4 23. Bxb7
Qxb7 24. Qxc4 $16) 20. exd5 Bxd5 (20... Nxd5 $2 21. Be5 Qd8 22. a5 $18) 21.
Bxd5 Nxd5 22. Be5 Qb7 23. Qg4 $6 (23. Rfb1 $142 f6 24. Bd6 e5 25. Qf3 Rfd8 26.
Bxe7 Qxe7 27. a5 $16) 23... Bf6 24. Qf3 (24. Qe4 $144) 24... Bxe5 25. Nxe5 Rfc8
{[%cal Rc5c4]} (25... f6 $2 26. Nc4 e5 $140 $4 27. Nd6 $1 $18) 26. Rfc1 Qc7 (
26... Rc7 $5 27. Nc6 Qb6 28. Rcb1 c4 29. a5 Qc5 $132 {[%cal Rc4c1]}) 27. Nc4
Nb6 28. Nxb6 Qxb6 29. Rc4 $1 h6 (29... Ra5) 30. Rd1 Ra7 $2 (30... Rd8 31. Rxd8+
(31. Rd7 $144 $5 Rxd7 32. Qxa8+ Rd8) 31... Rxd8 32. Qc6 Qa5 33. Kg2 $1 $14 (33.
Qxc5 Qe1+ 34. Kg2 Rd1 $36)) 31. Rd3 $1 $16 {[%cal Gf3d1,Rd3d6]} Qb8 (31... Rca8
32. Qd1 $1 $16) 32. Qd1 Qe5 33. b6 $18 Rb7 34. a5 Kh7 35. Kg2 Ra8 $2 (35... Qf5
$18) 36. Qc2 g6 37. Rxc5 Qe4+ 38. f3 Qe1 39. Qd2 Qa1 40. h4 {[%cal Gg2h3]} h5
41. Qc3 1-0

[Event "USA-ch Gr-A"]
[Site "Denver"]
[Date "1998.11.02"]
[Round "3"]
[White "Seirawan, Yasser"]
[Black "Christiansen, Larry Mark"]
[Result "1-0"]
[WhiteElo "2630"]
[BlackElo "2610"]
[Annotator "Baburin,A"]
[PlyCount "121"]
[EventDate "1998.10.31"]
[EventType "tourn"]
[EventRounds "7"]
[EventCountry "USA"]
[EventCategory "13"]
[SourceTitle "CBM 068"]
[Source "ChessBase"]
[SourceDate "1999.02.01"]
[SourceVersion "1"]
[SourceVersionDate "1999.02.01"]
[SourceQuality "1"]

1. d4 Nf6 2. c4 e6 3. Nf3 b6 4. g3 Ba6 5. b3 b5 6. cxb5 Bxb5 7. Ba3 $5 {
It seems that this is a new move. It's main aim is to prevent ...c5.} Be7 8.
Bg2 O-O 9. O-O d5 {The opening phase is over and White needs to make a plan.
Seirawan chooses to play against the backward c-pawn, most likely he
anticipated this possibility when he played 7 Ba3.} 10. Qc2 $5 Nbd7 11. Rc1 $1
c6 12. Bxe7 Qxe7 13. Nc3 a5 ({Also after} 13... Ba6 14. e4 $1 {Black's
position is very difficult.}) 14. Nxb5 $5 {[#]This is interesting - White
trades better pawn structure for firm control over the newly opened c-file. He
could also develop his initiative with 14 e3 or 14 e4.} cxb5 {[%mdl 34816]} 15.
e3 h6 16. Bf1 b4 17. Bd3 Qd6 18. Qc7 Qxc7 19. Rxc7 Rfb8 ({Black could not easy
the pressure along the c-file, as after} 19... Rfc8 $2 20. Rac1 Rxc7 21. Rxc7
Kf8 22. Bb5 {the weakness of his queenside would be fatal.}) 20. Rac1 Kf8 {
Black plans to play ...Hf8-e8-d8 and only then ...Rc8, making sure that all
rooks will come off. This idea requires an appropriate response from White.}
21. h3 $1 {Seirawan prepares to play Ne5, after which the role of his rook on
the 7th rank will increase significantly. White could not play it immediately,
as after 21 Ne5? Nxe5 22 dxe5 Ng4 he would have lost a pawn.} Ke8 22. Ne5 Nxe5
23. dxe5 Nd7 24. f4 Kd8 25. e4 $1 {It's very important to clear out some
diagonals for the bishop.} dxe4 26. Bxe4 Rc8 27. Rxc8+ Rxc8 28. Rxc8+ Kxc8 29.
Kf2 {Since the opening White's positional advantage has gone through many
metamorphoses, but remains undoubted: his king will advance to the centre,
while the bishop can target the f7-pawn or attack the knight. Detailed
analysis of this endgame is beyond the aim of my article; despite Black's
resistance, White capitalised on his advantage:} f6 30. exf6 Nxf6 31. Bf3 Kd7
32. Ke3 Kd6 33. Kd4 g5 {Otherwise White would play h3-h4 and g3-g4-g5. Black
can't prevent this plan with 33...h5, as then after 34 h4 he will be in a
zugzwang.} 34. fxg5 hxg5 35. h4 e5+ 36. Ke3 g4 37. Be4 Ke6 38. Bb7 Kd7 39. Ba6
Ke7 40. Bc8 Kd6 41. Bf5 Kd5 42. Bg6 Ke6 43. Kd3 Nd5 44. Be4 Nf6 45. Bg6 Nd5 46.
Be4 Nf6 47. Bb7 Kd7 48. Kc4 Kc7 49. Ba6 Kd7 50. Kc5 Ke7 51. Bc8 Ne4+ 52. Kd5
Nxg3 53. Kxe5 Ne2 54. Bxg4 Nc3 55. Be6 Kf8 56. Kf6 Ne4+ 57. Kg6 Nc5 58. Bd5 Nd3
59. Kf6 Nc5 60. h5 Nd7+ 61. Kg6 1-0

[Event "FIDE-Wch k.o."]
[Site "Groningen"]
[Date "1997.12.13"]
[Round "2.4"]
[White "Epishin, Vladimir"]
[Black "Sokolov, Ivan"]
[Result "1-0"]
[WhiteElo "2570"]
[BlackElo "2635"]
[Annotator "Baburin,A"]
[PlyCount "121"]
[EventDate "1997.12.09"]
[EventType "k.o."]
[EventRounds "7"]
[EventCountry "NED"]
[SourceTitle "CBM 063"]
[Source "ChessBase"]
[SourceDate "1998.03.26"]
[SourceVersion "1"]
[SourceVersionDate "1998.03.26"]
[SourceQuality "1"]

1. d4 Nf6 2. c4 e6 3. Nf3 b6 4. g3 Ba6 5. b3 Bb4+ 6. Bd2 Be7 7. Bg2 Bb7 8. Nc3
O-O 9. O-O Na6 10. Re1 c5 11. e4 cxd4 12. Nxd4 Nc5 13. Qe2 d6 14. Rad1 Qc8 15.
g4 $5 {White starts pushing Black's pieces away on the kingside, using his
dominance in the centre - a plan known from the Sicilian Defence. Apparently,
this method of dealing with the Hedgehog is quite popular.} Re8 16. g5 Nfd7 17.
Be3 Ne5 18. Ndb5 $5 {This knight will be pushed back, but before this, the
black rook will be forced to move to d8, so White does not waste any time, in
fact he gains some as he forces Black to play ...a6 at some stage.} Rd8 19. f4
Nc6 20. f5 a6 21. Nd4 Nxd4 22. Rxd4 Re8 23. Qg4 Bf8 24. g6 fxg6 25. fxg6 hxg6
26. Rd2 Nd7 27. Qxg6 b5 28. Bd4 Ne5 (28... e5 $2 29. Be3 bxc4 30. Bh3 {with a
strong attack.}) 29. Bxe5 dxe5 30. Rd3 Bc5+ 31. Kh1 Rf8 32. Rh3 Rf6 33. Qh7+
Kf7 34. Qh5+ Kg8 35. Qh7+ Kf7 36. Qh5+ Kg8 37. Qxe5 bxc4 38. bxc4 Bf2 $6 (38...
Qc6 $5) 39. Rb1 Qd7 40. Qh5 Rh6 41. Qg4 ({Also good is} 41. Qd1 Qxd1+ 42. Nxd1
Rxh3 43. Rxb7) 41... Rxh3 42. Bxh3 Re8 43. Nd5 $18 Bd4 44. Qd1 Qf7 45. Qxd4
exd5 46. cxd5 Bc8 47. Bg2 Bg4 48. Rf1 Qh5 49. Qc3 Be2 50. Rf5 Qh4 51. Kg1 Rb8
52. Qg3 Qd8 53. Bh3 Rb1+ 54. Kg2 Qb6 55. Rf2 Bh5 56. Be6+ Kh7 57. Qh4 Kh6 58.
Qf4+ Kh7 59. Qf5+ Kh6 60. Qf8 Qd4 61. Qh8+ 1-0

[Event "HUN-chT 0304"]
[Site "Hungary"]
[Date "2003.11.30"]
[Round "4"]
[White "Flumbort, Andras"]
[Black "Anka, Emil"]
[Result "1-0"]
[WhiteElo "2471"]
[BlackElo "2427"]
[Annotator "Bagonyai,A"]
[PlyCount "49"]
[EventDate "2003.09.28"]
[EventType "team"]
[EventRounds "11"]
[EventCountry "HUN"]
[SourceTitle "EXT 2005"]
[Source "ChessBase"]
[SourceDate "2004.11.15"]
[SourceVersion "1"]
[SourceVersionDate "2004.11.15"]
[SourceQuality "1"]

1. d4 Nf6 2. c4 e6 3. g3 Bb4+ 4. Bd2 Be7 5. Bg2 d5 6. Nf3 c6 7. Qc2 b6 8. O-O
Ba6 9. b3 Nbd7 10. Rd1 Rc8 ({"Egyszerubb"} 10... O-O 11. Bf4 Rc8 12. Nc3 Qe8 $1
({RR} 12... dxc4 13. e4 Qe8 $140 $5 {Bagonyai,A}) 13. a4 $146 dxc4 14. bxc4
Bxc4 15. Ne4 Nxe4 16. Qxc4 Bd6 $1 17. Ne5 f5 18. h4 c5 19. Bxe4 cxd4 20. Qxd4 {
1/2-1/2 Anand,V-Kramnik,V/Leon 2002/CBM 90/[Gershon,A] (20)}) 11. Bf4 c5 (11...
Nh5 12. Bc1 Nhf6 13. Nc3 dxc4 14. Bb2 O-O 15. Ne5 $5 cxb3 16. axb3 Nb8 17. e3
$36) 12. dxc5 Rxc5 $6 $146 ({RR} 12... Bxc5 13. Qb2 ({RR} 13. Nc3 O-O (13... b5
14. e4 b4 15. Na4 Nxe4 16. Nxc5 Ndxc5 17. a3 $1 bxa3 18. Rxa3 Qb6 19. Be3 $1
$40 {Bagonyai,A}) 14. e4 Ng4 15. exd5 Nxf2 16. Rf1 e5 17. Bc1 e4 18. Nh4 e3 19.
Na4 Bd4 20. Bb2 Bxb2 21. Qxb2 b5 22. Nf5 Qg5 23. Nd6 bxa4 24. Nxc8 Bxc8 25. Qd4
Nf6 26. Rae1 Re8 27. d6 Nh3+ 28. Bxh3 Bxh3 29. Rf4 Qa5 30. Rxe3 Rxe3 31. Qxe3
axb3 32. d7 Bxd7 33. axb3 Bh3 {0-1 Nielsen,P-Anand,V/Moscow 2001/CBM 86/[Heine
Nielsen] (33)}) 13... O-O 14. Nc3 Bb4 ({RR} 14... Ng4 15. e3 e5 16. Bg5 f6 17.
Bh4 g5 18. Nxd5 e4 19. Nd4 Qe8 20. Nf5 Qe6 21. b4 Qxf5 22. bxc5 Qe6 23. cxb6
Nxb6 24. h3 Ne5 25. Qa3 Nf3+ 26. Bxf3 exf3 27. g4 Nxc4 28. Qe7 Qf7 29. Bg3 {
Kramnik,V-Leko,P/RWE Gas m 2001/ Extra 80 Multimedia/[Weteschnik,M]/1/2-1/2 
(129)}) 15. Ne5 b5 16. a3 Bxc3 17. Qxc3 bxc4 18. b4 Bb7 19. e4 dxe4 20. Nxd7
Nxd7 21. Be5 f6 22. Bd4 Qc7 23. Bxa7 Ne5 24. a4 e3 25. Qxe3 Bxg2 26. Kxg2 Qb7+
27. Kg1 Nf3+ 28. Kf1 Nxh2+ 29. Kg1 Nf3+ 30. Kf1 e5 31. Bc5 Rfd8 32. a5 Nd4 33.
Kg1 Nf3+ 34. Kf1 Qc6 35. a6 Nd2+ 36. Kg1 Nb3 37. a7 Nxa1 38. Rxa1 Rd3 39. Qe2
Qd5 40. Kh2 Ra8 41. Be3 Qe4 42. b5 f5 43. Re1 f4 44. Bc5 fxg3+ 45. fxg3 Qd5 46.
Qxe5 Rd2+ 47. Kh3 {Van Wely,L-Polgar,J/Hoogeveen 2001/CBM 86/0-1 (61)}) 13. Nc3
O-O 14. e4 $1 dxe4 (14... dxc4 15. b4 $18) 15. Nxe4 Nxe4 16. Qxe4 Qc8 $6 (16...
Qe8 $8 17. Nd4 Nf6 18. Qe2 Qc8 $14) 17. Nd4 Nf6 (17... Bf6 $142 18. Bd6 Rd8 $14
) 18. Nc6 Qb7 (18... Bd8 $142 19. Nxa7 Nxe4 20. Nxc8 Nc3 21. Nxb6 $1 $18) 19.
Qf3 $18 Ne8 20. Nb8 $1 Qxf3 21. Bxf3 Bc8 22. Nd7 Bxd7 23. Rxd7 Bf6 24. Rad1 e5
25. Bd2 1-0

[Event "RUS-ch"]
[Site "Elista"]
[Date "1996.??.??"]
[Round "6"]
[White "Epishin, Vladimir"]
[Black "Yemelin, Vasily"]
[Result "1/2-1/2"]
[WhiteElo "2620"]
[BlackElo "2460"]
[Annotator "Belov,I"]
[PlyCount "84"]
[EventDate "1996.10.15"]
[EventType "swiss"]
[EventRounds "11"]
[EventCountry "RUS"]
[SourceTitle "CBM 056"]
[Source "ChessBase"]
[SourceDate "1997.02.01"]
[SourceVersion "1"]
[SourceVersionDate "1997.02.01"]
[SourceQuality "1"]

1. d4 Nf6 2. c4 e6 3. Nf3 b6 4. g3 Ba6 5. b3 Bb7 6. Bg2 Bb4+ 7. Bd2 c5 8. O-O
O-O 9. dxc5 (9. Nc3 cxd4 10. Nxd4 Bxg2 11. Kxg2 Nc6 12. Nxc6 dxc6 13. Qc2 Qe7
$10 {Van Gisbergen,S-Nijboer,F/NLD-ch/1994/0,5/57/}) (9. Bxb4 cxb4 10. Qd3 d6
11. Nbd2 a5 12. e4 e5 13. Ne1 Nc6 14. Nc2 Nd7 $10 {Van der Sterren,P-Nijboer,F/
NLD-ch/1995/0,5/30/}) (9. Bc3 Na6 10. Bb2 cxd4 11. a3 Be7 12. b4 Nb8 13. Nbd2
a5 14. b5 Ra7 15. Bxd4 d6 $10 {Eingorn,V-Dizdarevic,E/Manila olm/1992/}) 9...
Bxc5 (9... bxc5 10. Nc3 d5 11. cxd5 exd5 12. Na4 Bxd2 13. Nxd2 Qe7 14. Re1 Nbd7
15. e4 dxe4 16. Nc3 Ne5 17. Ndxe4 $14 {Dokhoian,Y-Romanishin,O/Lvov/1990/1:0/
40/}) 10. Nc3 d5 (10... Be7 11. Qc2 d6 12. Rfd1 a6 13. Ng5 Bxg2 14. Kxg2 Nbd7
15. Nce4 h6 16. Nxf6+ Nxf6 17. Ne4 Qc7 $10 {Atalik,S-Kiselev,S/Cheliabinsk/
1991/0,5/43/}) 11. cxd5 Nxd5 12. Qc2 Na6 13. Nxd5 Bxd5 14. Ng5 g6 15. Rad1 Be7
$6 (15... Bxg2 16. Kxg2 Be7 17. Be3 Qc8 18. Qxc8 Rfxc8 19. Rd7 Bxg5 20. Bxg5
Rc2 21. Rfd1 Nc5 (21... Rxe2 $2 22. Bf6 $40) 22. Rd8+ (22. R1d2 Rxd2 23. Rxd2
Ne4 24. Rd8+ Rxd8 25. Bxd8 $14) 22... Rxd8 23. Rxd8+ Kg7 24. Rd2 $14) 16. e4 $1
Rc8 17. Qb2 Bxg5 (17... Bb7 18. Bf4 Qe8 $8 19. h4 $36) 18. exd5 Bxd2 19. dxe6
$1 (19. Rxd2 exd5 20. Rxd5 Qc7 $14) 19... Bc3 $8 (19... fxe6 20. Rxd2 Qf6 21.
Qa3 $16) 20. exf7+ Kg7 (20... Rxf7 $4 21. Rxd8+ $18) (20... Kxf7 21. Qe2 Qf6
22. Qxa6 $16) 21. Qe2 $1 Qc7 22. Qxa6 $16 Rxf7 23. Rc1 (23. Rd3 $5) 23... Rd8
24. Rc2 Rd2 25. Rxd2 Bxd2 26. Qd3 Qc3 27. Qd8 Rf8 28. Qe7+ Rf7 29. Qd8 Rf8 30.
Qd5 Qb2 31. a4 Bb4 32. f4 $36 (32. h4 Bc5 $132) 32... Bc5+ 33. Kh1 Qd4 34. Qf3
(34. Rd1 Qxd5 35. Rxd5 Re8 36. h4 Re3 37. Kh2 Rxb3 38. Rd7+ Kh6 (38... Kh8 39.
Bd5 Rf3 40. Kg2 Rf2+ 41. Kh3 a5 42. h5 gxh5 43. Be4 Re2 44. Rxh7+ Kg8 45. Bf5
Ra2 46. Rxh5 Rxa4 $13) 39. g4 Bf2 40. g5+ (40. h5 Bg3+ 41. Kg1 Bxf4) 40... Kh5
41. Rxh7+ Kg4 42. h5 Bg3+ 43. Kg1 Rb1+ 44. Bf1 Bxf4 45. hxg6 Be3+ 46. Kg2 Rb2+
47. Kh1 $5) 34... Re8 35. f5 (35. h4 $5 Re3 36. Qb7+ Re7 37. Qc6 Qe3 38. Kh2 a5
39. f5 $36) 35... Rf8 36. Qb7+ Rf7 37. f6+ Qxf6 38. Rxf6 Rxb7 39. Rxg6+ hxg6
40. Bxb7 g5 $14 41. Kg2 a5 42. Kf3 Kf6 1/2-1/2